| 000 | 01021nmm a2200313 a 4500 | ||
|---|---|---|---|
| 001 | ocm000608278 | ||
| 003 | TR-IsHL | ||
| 005 | 20201028131128.0 | ||
| 008 | 131010s2010 tu tur | ||
| 007 | cr cn | ||
| 020 | _a9789754838787 | ||
| 035 |
_a608278 _b(N$T) |
||
| 050 | 0 | 4 |
_aM1824.T8 _bÇ45 2010 |
| 090 | 0 | 4 |
_aM1824.T8 _bÇ45 2010 |
| 100 | 1 | _aÇelik, Özgür | |
| 245 | 1 | 0 |
_aTürk dünyasın'nda üç yaylı çalgı: kılkobız, kamança ve kabak kemane _h[electronic resource] / _cÖzgür Çelik |
| 260 |
_aİzmir : _bEge Üniversitesi Yayınları, _c2010 |
||
| 300 | _a156 p. | ||
| 650 | 4 | _aMüzik | |
| 650 | 4 | _aMusic | |
| 650 | 0 | _aKemane | |
| 650 | 0 | _aKamança | |
| 650 | 0 |
_aHalk müziği _xTürkiye |
|
| 650 | 0 |
_aFolk music _xTurkey |
|
| 650 | 0 |
_aHalk şarkıları, Türk _xTürkiye |
|
| 650 | 0 |
_aFolk songs, Turkish _xTurkey |
|
| 650 | 7 |
_aMUSIC / Musical Instruments / General _2bisacsh |
|
| 856 | 4 | 0 | _uhttp://search.ebscohost.com/login.aspx?direct=true&scope=site&db=e011xww&AN=608278 |
| 999 |
_c4395 _d4395 |
||